Länder nach erstem Buchstaben von Land und Hauptstadt - Statistiken

Allgemein
  • Dieses Quiz wurde 206 mal gespielt
  • Das Durchschnittsergebnis liegt bei 8 aus 15
Antwortstatistiken
Land oder Hauptstadt % Korrekt
E Q Ecuador | Quito
79%
O D Osttimor | Dili
69%
P W Polen | Warschau
66%
E T Estland | Tallinn
65%
U M Uruguay | Montevideo
63%
N K Nepal | Kathmandu
61%
I D Irland | Dublin
60%
K O Kanada | Ottawa
59%
G T Georgien | Tiflis
54%
A T Albanien | Tirana
47%
A L Angola | Luanda
47%
T F Tuvalu | Funafuti
41%
P M Philippinen | Manila
37%
G L Gabun | Libreville
34%
M L Malawi | Lilongwe
20%
Keine übereinstimmenden Quizze gefunden
Verteilung der Resultate
Anzahl Personen mit jedem Resultat
Perzentil nach korrekt beantworteten Fragen
Ihre Resultats-Entwicklung
Sie haben dieses Quiz noch nicht gespielt